England Women's Premier League Top 4 Positions - Statistics

General Stats
  • This quiz has been taken 45 times
  • The average score is 9 of 18
Answer Stats
Answer % Correct
Arsenal
100%
Chelsea
100%
Manchester City
100%
Manchester United
100%
Liverpool
92%
Everton
84%
Birmingham City
49%
Bristol Academy
49%
Sunderland
43%
Leeds Carnegie
41%
Red Star Southampton
35%
Doncaster Rovers
30%
Fulham
27%
Reading
24%
Charlton Athletic
14%
Lincoln Ladies
14%
Wembley
8%
Wimbledon
8%
No matching quizzes found
Score Distribution
Percent of People with Each Score
Percentile by Number Answered
Your Score History
You have not taken this quiz